01364nam a2200337 a 4500001001000000003000500010005001700015008004100032010001100073011001100084040000900095090001000104100003800114245019000152260004100342500006000383502007500443590004100518590004000559590004000599650003100639650004800670650003300718700003200751856007000783901000700853942001000860942000600870999001900876952013100895000115428CHAP20220329144534.0190521s2018 mx a |sm |||||||spa d a111889 a112861 cCHAP aTesis1 aSánchez López, Jhony.913568310aEnsayo de rendimiento de (Vicia villosa Roth) mejorada en monocultivo o asociada con cereales forrajeros en el inviernoh[En línea]cpor Jhony Sánchez López y Omar Ruíz López. aChapingo, Méx. :bEl autor,c2018. aPara ver el contenido del material haga clic en la liga aTesis (Ing. Agr. Esp. en Zootecnia) -- UACH. Departamento de Zootecnia aBATCH-UPDb05c20190521lUCH01h1428 aE6339RRRb05c20190521lUCH01h1427 aE6339RRRb05c20190521lUCH01h142914aCultivos asociados.93037014aVeza como forrajexValor nutritivo.913312514aVezaxEspaciamiento.91190291 aRuiz López, Omar.9135684 aFinding aiduhttp://10.13.5.2/tesis/sist115428.pdfzTeclea aquí aBK cTESIS n0 c111889d111889 00104054718TESISaBCbBCd2019-05-21fTESISl0oTesisp115438-10r2019-12-31 00:00:00w2019-12-31yTESISzRecien adquirido